000 00467nam a2200169Ia 4500
999 _c27697
_d27697
003 OSt
005 20210105125158.0
008 190216s9999||||xx |||||||||||||| ||und||
040 _coclc
082 _a500
_bUDA/P
100 _aUdayakumar, B
_98042
245 0 _aPrapancham Anuboodhi /
_cB Udayakumar
260 _bMalbery Publication,
_aKozhikode:
_c1998.
300 _a232p
650 _aPadanam
942 _cBK
_2ddc
_h500
_iUDA/P
_k500
_mUDA/P